Milionerzy - wersja losowa - Statystyki

Ogólne statystyki
  • Ten quiz został rozwiązany 585 razy
    577 od ostatniego zresetowania
  • Średni wynik to 6 z 12
Statystyki odpowiedzi
Zagadnienie Odpowiedź % Poprawnych
Gdzie bambik zapłaci v-dolcami za skiny? w "Fortnite"
85%
Jak najczęściej nazywany jest używany w adresach mailowych znak podkreślenia? podłogą
84%
Na fladze i w herbie którego z państw znajdziemy drzewo — biblijny symbol siły, czystości i wieczności? Libanu
82%
Które ze słodkości najczęściej polecane są do pieczenia na patyku nad ogniskiem? marshmallow
82%
Jaki klub zwyciężył w Lidze Mistrzów UEFA w sezonie 2023/2024? hiszpański
73%
Madagaskar to jeden z głównych producentów: wanilii
73%
Gaz o wzorze H2S powstający podczas gnicia substancji białkowych ma zapach: zgniłych jaj
72%
Gwiazdy, które tworzą dyszel Wielkiego Wozu, są jednocześnie: ogonem Wielkiej Niedźwiedzicy
71%
Która jest godzina, jeśli 9 kwadransów temu było wpół do trzeciej? 16:45
70%
Jeśli kolczykom kosztującym 300 zł dwukrotnie obniżono cenę, najpierw o 40 procent, a potem o 50 procent, to teraz można je kupić: za niecałe 100 zł
70%
Znajdź błąd. handlarz starzyzny
69%
W którym filmie bohaterowie podróżują w czasie DeLoreanem? "Powrót do przyszłości"
68%
Która konkurencja lekkoatletyczna tradycyjnie kończy letnie igrzyska olimpijskie? bieg maratoński
67%
Majaki w maju czy też w innym miesiącu zwykle: dręczą nas we śnie
66%
Występ klauna to: klaunada
66%
Jedną z najważniejszych bitew II wojny światowej stoczono pod Stalingradem — miastem leżącym nad: Wołgą
66%
Co trzyma w rękach człowiek na znaku ostrzegawczym A-14 roboty na drodze? łopatę
65%
Szejk pije szejka, czyli co: napój mleczno-owocowy
64%
Ile trwało rozbicie dzielnicowe? prawie 200 lat
64%
Który świeży owoc zawiera najmniej wody w 100 gramach? Daktyl
63%
Gdy katolicy, żegnając się na początku liturgii, dotykają klatki piersiowej, mówią: "i Syna"
63%
Do sejmowej zamrażarki trafiają: projekty niektórych ustaw
62%
Co wyróżniało żyjące w okresie od dewonu do kredy amonity? Spiralne muszle
62%
Dawne wujenki i stryjenki to dzisiejsze: ciotki
61%
Komu w 1917 roku Matka Boska przekazała trzy tajemnice fatimskie? pastuszkom
61%
Które państwo w marcu 2024 roku zostało członkiem NATO? Szwecja
60%
Gdzie w dziecięcej wyliczance złapano złodzieja-czarodzieja? na ulicy Reja
57%
W 2023 r. Kraków uświetnił otwarciem nowego parku setną rocznicę urodzin: Wisławy Szymborskiej
57%
Trójkąt Trzech Cesarzy, gdzie od 1846 roku zbiegały się granice trzech zaborów, znajduje się w pobliżu: Katowic
56%
Kto w maju 1848 r. wystąpił w Londynie przed królową Wiktorią? Fryderyk Chopin
54%
O kim Gall Anonim napisał: "Dotychczas jednak w takich był pogrążony błędach pogaństwa, że wedle swego zwyczaju siedmiu żon zażywał?" o Mieszku I
54%
Ćmielów i Chodzież słyną z produkcji: porcelany
53%
"Halo, halo, Polskie Radio Warszawa, fale 480" - tymi słowami Janina Sztompkówna rozpoczęła pierwszą regularną emisję Polskiego Radia. Kiedy? przed II wojną światową
53%
Co znalazło się w tytule Sienkiewiczowskiej noweli ukazującej wydarzenia we wsi Barania Głowa? szkice węglem
50%
W filmach Denisa Villeneuve'a na podstawie książek Franka Herberta to jedna z nazw pustynnej planety Arrakis. Diuna
49%
Czym była zielona książeczka, którą w 2001 roku zastąpiła szaro-różowa karta z poliwęglanu? dowodem osobistym
49%
Mecz koszykówki podzielony jest na cztery kwarty. A mecz hokeja na lodzie? na trzy tercje
49%
Paczka to nie: spódniczka operowa
48%
100 pisze się jak amerykański odpowiednik grosza, a wymawia jak polskie być w trzeciej osobie liczby mnogiej: we francuskim
48%
Sromota, czyli: hańba
47%
Albert Einstein, gdy w 1905 r. sformułował szczególną teorię względności, pracował: w urzędzie patentowym
47%
SiO2 to związek chemiczny, któremu nazwę zawdzięczają: okrzemki
44%
Na czym można grać pizzicato? na altówce
42%
W którym rzeczowniku możemy usłyszeć wyrażenie przyimkowe? napięcie
42%
Polskim odpowiednikiem amerykańskiego baby shower jest: bociankowe
41%
Co warto w piosence Mariana Hemara, śpiewanej przez Chór Juranda? upić się
39%
Czym wygładzamy skórę pięt? frezarką
38%
Która nagroda połączyła w 2024 r. Martynę Jakubowicz, Sebastiana Imbierowicza, Krzysztofa Meyera i Kazimierza Jonkisza? Złoty Fryderyk
38%
Kret występuje w Europie, a kretes? w wyrażeniu przyimkowym
37%
Przekreślone kółko na metce oznacza, że ubrania nie można: czyścić chemicznie
36%
Która z roślin jest znana jako greckie siano i boża trawka? kozieradka pospolita
36%
Jedną z pierwszych ról Wiesława Gołasa był Grabiec w: "Balladynie" Słowackiego
34%
Na odsiebkę: orano i tańczono
34%
Czyja kochanka miała sprzedać mieszkanie w Warszawie i wyposażenie gabinetu lekarskiego, by ratować bankruta i jego rodzinę? Bolesława Leśmiana
32%
Słynne "Ave Maria" powstało w ten sposób, że Gounod dodał głos solowy do Preludium C-dur z I tomu "Das Wohltemperierte Klavier": Jana Sebastiana Bacha
32%
Apollo Nałęcz Korzeniowski pisał wiersze i dramaty po polsku. W jakim języku pisał swoje utwory jego słynny syn? po angielsku
32%
Tempura to panierowane i smażone na głębokim oleju ryby, krewetki, kalmary, małże. Skąd w XVI wieku przywędrowała do Japonii? z Portugalii
32%
Kto w 1954 r. objął opieką artystyczną gdański teatr studencki Bim-Bom? Zbigniew Cybulski
31%
Pręgowanie tygrysie u kotów jest opisywane przez felingologów jako przypominające: szkielet ryby
30%
Holenderskie klompen: nosi się na nogach
28%
Czego zakręcane wieczko ma taneczną nazwę? słoika
28%
Antonimy których słów znajdziemy w polskiej nazwie chryzantemy? dobro i światło
26%
Który ptak ma zwyczaj nabijania swoich ofiar na cierń, kolec, ostrą gałązkę czy wystający drut? dzierzba
23%
Kto odprawienie żony Pompei usprawiedliwiał słowami: "Moja żona musi być wolna nawet od cienia podejrzeń"? Juliusz Cezar
23%
Węże mają pionowe, poziome lub okrągłe źrenice. Które mają okrągłe? kobry indyjskie
23%
Która piosenka pochodzi z albumu "Come on over" kanadyjskiej piosenkarki Shani Twain? "Man! I feel like a woman!"
23%
Izotacha to linia na mapie, która łączy punkty o jednakowej wartości: prędkości wiatru
23%
W kościele nawa prostopadła do nawy głównej to: transept
23%
Tytułowy bohater obrazu Jacka Malczewskiego "Hamlet polski — Aleksander Wielkopolski" jest w tunice przepasanej pasem na naboje, w którym tkwią: tubki z farbami
22%
Cyprian Ksawery Gerard Walenty Norwid herbu Topór urodził się w Laskowie-Głuchach: na Mazowszu
21%
Z trzech bohaterek łamańca językowego jedna płacze, a druga łzy trze. O kogo chodzi? o cytrzystki
19%
Jaki ptak ma oczy osadzone frontalnie i otoczone promieniście ułożonymi piórami? bogatka
18%
"Ubrany był pan Adam w futerko wytarte", szaraczkowym suknem powleczone, które skąd w Paryżu można było dostać, tej barwy, kroju i podżyłości?" To: Norwid o Mickiewiczu
17%
Znajdź błąd we frazeologizmach nadstaw uszy pochlebcom
16%
Łożyrok, ożyrok w gwarze śląskiej to ten, kto: upija się
7%
Nie znaleziono quizów pasujących do podanych kryteriów
Rozkład punktacji
Procent ludzi z każdym wynikiem
Percentyl według liczby udzielonych odpowiedzi
Twoja historia wyników
Nie rozwiązałeś tego quizu od ostatniego zresetowania